Normal view
MARC view
Entry Personal Name
001 - CONTROL NUMBER
- control field: 21037
003 - CONTROL NUMBER IDENTIFIER
- control field: ARRUPE
005 - DATE AND TIME OF LATEST TRANSACTION
- control field: 20151112092157.0
008 - FIXED-LENGTH DATA ELEMENTS
- fixed length control field: 151112|| aca||aabn | a|a d
040 ## - CATALOGING SOURCE
- Original cataloging agency: ARRUPE
- Transcribing agency: ARRUPE
100 ## - HEADING--PERSONAL NAME
- Personal name: Angela of Foligno
- Titles and other words associated with a name: St.
670 ## - SOURCE DATA FOUND
- Source citation: Work cat.: (ARRUPE)123698: Sagnella, Mary Ann 20791, The sensual and the sublime in Angela Da Foligno's Liber , 1994